00968nam a2200265 i 450000100060000000300080000600500170001400800390003102000290007003500190009904000230011804100080014108200200014910000440016924500920021326000640030530000330036950400490040265000230045165000270047465000380050194200120053999900170055195201340056833848BD-RjUL20211209052052.0140511s1976 maua b 001 0 eng a0521211328 :a0521290538 a(BD-RjUL)33940 aDLCcDLCdDLCbeng aeng00a301.1bHER 19761 aHeath, A. F.q(Anthony Francis)910279410aRational choice & social exchange :ba critique of exchange theory /cby Anthony Heath. aCambridge ;aNew York :bCambridge University Press,c1976. aix, 194 p. :bill. ;c24 cm. aIncludes Bibliography: p. 185-191 and index. 0aSociology.9102796 0aSocial exchange.96336 0aExchange theory (Sociology)96335 2ddccBK c33848d33848 00102ddc40718NFICaRUCLbRUCLcReadingd1980-03-22eHefferg2.40l0o301.1 HER 1976r2014-05-11 00:00:00tC-1w2014-05-11yBK